01191nam a2200277Ia 450000100060000000300090000600800410001504000130005604000130006904100130008210000230009510000290011824200910014724200340023824200080027224500350028024500350031525000110035026000170036126000210037826000490039930000410044850003680048965000250085765000310088218924IT-RoPAU130308s9999 xx 000 0 und d aIT-RoPAU cIT-RoPAU aFRANCESE aKapferer Jean-Noel gCodice Aut. SPICS: 4888 aVIE DELLA PERSUASIONE (LE)-L'INFLUENZA DEI MEDIA E DELLA PUBBLICITA' SUL COMPORTAMENTO nCod. Traduzione Titolo: 18923 yITA aChemins de la persuasion (Les) bChemins de la Persuasion (Les) a1a ed. aBORDAS/PARIS bGauthier/Villars c1979 [1° Ed.:1979 - Ed.Ling.Originale:1979] a"356 p. (prefazione: 6; testo: 350)" aVie della Persuasione Influenza dei Media e della Pubblicità Sul Comportamento Persuasione in Prospettiva Analisi dei Risultati della Ricerca Sulla Persuasione Esposizione Alle comunicazioni Decodifica dei Messaggi Processo di Accettazione Generalizzazione degli Effetti Persistenza Temporale dei cambiamenti di Atteggiamento Dall'Atteggiamento al Comportamento aSAGGI DI PUBBLICITA' eCodice materia Spics: 6211